Score 0/20 Timer 05:00
2 Plays Today
Hint Answer % Correct
2 Broke Girls
90.2%
The Voice
84.7%
Game of Thrones
82.5%
New Girl
78.3%
The X-Factor (US)
72.5%
Bob's Burgers
70.7%
Suits
65.4%
Homeland
55.4%
Revenge
44.9%
American Horror Story
40.4%
Hint Answer % Correct
Workaholics
39.1%
Shameless
39.1%
Portlandia
36%
Episodes
31.1%
Teen Wolf
30.7%
Person of Interest
28.4%
Last Man Standing
27.1%
Grimm
22.4%
The Killing
17.2%
Hell on Wheels
12.2%
Remove Ads.
Support Sporcle.
Get the best of Sporcle when you Go Orange. This ad-free experience offers more features, more stats, and more fun while also helping to support Sporcle. Thank you for becoming a member.

You're not logged in!

Compare scores with friends on all Sporcle quizzes.
OR
Log In

Sporcle TV

Today on Sporcle TV


Watch our educational content, quiz creation guides, and fun videos on Sporcle TV.

Show Comments

Extras

Top Quizzes Today


Score Distribution

Paid Content

Your Account Isn't Verified!

In order to create a playlist on Sporcle, you need to verify the email address you used during registration. Go to your Sporcle Settings to finish the process.

Report this User

Report this user for behavior that violates our Community Guidelines.

Details: